000 01736cam a2200289 4500
001 ABS66655
008 030428n2003 000 0 eng u
035 _a(Sirsi) u122094
100 _aEvers, A.
245 _aAmendments to duty of care regulations
260 _c2003
490 _aWastes Management
_vMarch 2003, 53-54(2)
520 _aExplains amendments to the duty of care obligations and discusses the implementation of the Waste Incineration Directive 2000/87/EC (WID). Key changes to duty of care obligations include the application of the European Waste Catalogue as set out in the Landfill (England and Wales) Regulations 2002 Reg 19 and the Environmental Protection (Duty of Care) (England) (Amendment) Regulations 2003. The latter regulations give local authorities the power to serve notices on duty holders requiring the production of waste and transfer notes. Also examines the legislation and national measures required to implement WID and provides a summary of the existing regulatory regime for incinerators in England and Wales.
590 _aABS
650 _aLANDFILL REGULATIONS (ENGLAND AND WALES) 2002
650 _aDUTY OF CARE
650 _aWASTE MANAGEMENT LICENSING
650 _aENVIRONMENTAL PROTECTION (DUTY OF CARE) (ENGLAND) (AMENDMENT) REGULATIONS 2003
650 _aBUILDING REGULATIONS 2000 APPROVED DOCUMENT L1 (2002 EDITION)
650 _aBUILDING REGULATIONS 2000 APPROVED DOCUMENT L2 (2002 EDITION)
650 _aDIRECTIVE 2000/87/EC
650 _aWASTE INCINERATION
650 _aENVIRONMENTAL PROTECTION ACT 1990 S34
650 _aENVIRONMENTAL PROTECTION (DUTY OF CARE) REGULATIONS 1991
690 _aENVIRONMENTAL AND LAND CONSULTANCY-WASTE MANAGEMENT
942 _n0
999 _c72550
_d72550